000 00688nam a2200205Ia 4500
003 GCL
008 140319s9999 xx 000 0 ara d
040 _aGCL /
_cGCL
082 0 4 _a810.96
_bب ا
100 1 _aبروفتسال، ليفى
245 1 0 _aادب الاندلس وتاريخها /
_cبروفتسال، ليفى
700 1 _aمحمد عبدالهادى
700 1 _aعبدالحميد العبادى
260 _aالقاهرة :
_bالمطبعة الاميرية ،
_c1951
300 _a ؛
_c28 سم
490 _aسلسلةمحاضرات عامة
_v0
650 0 4 _aالادب العربى
650 0 4 _aالادب العربى - الاندلس
942 _2ddc
_cBK
999 _c30240
_d30240